MDQL
is popping MORE tags! Check the
thread
!
Quizzes
Events
Quiz Creation
Community
Videos
Private Events
Remove Ads
Sign In
Join for FREE
Feedback
Dark Mode
Quiz Categories
Sports
Geography
Music
Movies
Television
Just For Fun
Miscellaneous
History
Literature
Language
Science
Gaming
Entertainment
Religion
Holiday
For Kids
Quiz Lab
Recent
Popular Today
Quiz Kudos Today
Editor Picks
Curator Picks
Quizzes by...
Day
Popularity
Type
Ratings
Length
Year
Community
Subscriptions
Recent Discussions
Orange Saloon
Badges
Playlists
Quests
Create
Leaderboards
Showdown
Live 5
Trivia Bingo
Activity
Puzzle Library
Sporcle Events
Private Events
Virtual Trivia
Globe League
Become a Host
Pub Owners
SporcleCon
Opinionation
Our Games
Videos
Blog
Mobile Apps
Partnerships
Remove Ads and Go Orange
Feedback
Gaming
Video Games
Board Games
Card Games
Pokémon
Mario
Nintendo
Minecraft
Console
Toys
Legend of Zelda
Gaming
Video Games
Board Games
Card Games
Pokémon
Mario
Nintendo
Minecraft
Console
Toys
Legend of Zelda
Random Quiz
Search Sporcle
×
Quiz Lab
Quiz Lab
Gaming
Unique Weapons
Type in answers that appear in a list
Type in answers that appear in a list
Classic
Best Score? Go Orange.
Fallout 3 Unique Weapons Stats
Can you name the Fallout 3 Unique Weapons?
By
cantthinkofany
5m
36 Questions
281 Plays
281 Plays
281 Plays
Comments
Comments
Give Quiz Kudos
Give Quiz Kudos
-
- Ratings
hide this ad
Replay
Link that replays current quiz
Next Quiz
Link to next quiz in quiz playlist
You Got
0%
They Got
Avg Score
37%
Avg Friend Score
Upgrade to see
Score Distribution
Jump to the score distribution portion of the page
Score
0/36
Timer
05:00
0
Plays Today
Regular Weapon
Unique Weapon
% Correct
Power Fist
Fisto!
66.2%
Combat Shotgun
The Terrible Shotgun
60.1%
Scoped .44 Magnum
Blackhawk
59.1%
Ripper
Jack
55.5%
Sniper Rifle
Victory Rifle
54.1%
Nail Board
Board of Education
53.7%
Minigun
Eugene
49.5%
Sawed-
Off Shotgun
The Kneecapper
49.1%
Fat Man
Experimental MIRV
49.1%
Hunting Rifle
Ol' Painless
48.8%
Pool Cue
The Break
46.3%
Alien Blaster
Firelance
46.3%
Missle Launcher
Miss Launcher
44.8%
Power Fist
The Shocker
42%
Switchblade
Butch's Toothpick
41.6%
Sniper Rifle
Reservist's Rifle
39.9%
Laser Rifle
Wazer Wifle
39.9%
Super Sledgehammer
Fawkes' Supersledge
39.1%
Regular Weapon
Unique Weapon
% Correct
Gatling Laser
Vengeance
39.1%
Hunting Rifle
Lincoln's Repeater
38.8%
Tire Iron
Highwayman's Friend
37.7%
Chinese Officer's Sword
Vampire's Edge
35.9%
Combat Knife
Stabhappy
29.9%
Combat Knife
Occam's Razor
28.5%
Plasma Rifle
A3-21's Plasma Rifle
28.1%
Spiked Knuckles
Plunkett's Valid Points
27%
Flamer
Burnmaster
26.3%
Sledgehammer
The Tenderizer
25.3%
Laser Pistol
Colonel Autumn's Laser Pistol
24.9%
10mm Pistol
Colonel Autumn's 10mm Pistol
24.2%
Laser Pistol
Protectron's Gaze
23.5%
Chinese Assault Rifle
Xuanlong Assault Rifle
23.1%
Knife
Ant's Sting
21.4%
Laser Pistol
Smuggler's End
19.6%
10mm SMG
Sydney's 10mm 'Ultra' SMG
18.9%
Chinese Pistol
Zhu-Rong v418 Chinese Pistol
10.7%
Quiz Playlist
Details
Report
Send in Message
Add To Playlist
Classic:
Type in answers that appear in a list
Quiz Source
Last Updated: Feb 16, 2017
Quiz Scoreboard
CHALLENGE
Sign Up to Join the Scoreboard
Show All
Scores
Hide
Comments
May contain spoilers
Recently Published
1-10 Letter E Words III
by El_Dandy
Language
2m
Street Fighter Characters
by Artimus82
Gaming
60s
College Basketball Coaching Resumes
by pancakes188
Sports
9m
More to Explore
Quiz From the Vault
Featured Blog Post
Where Did the Easter Bunny Come From?
hide this ad
You Might Also Like...
Tags
fallout
Fallout 3
regular
Unique
Unique Weapons
Weapons
Today's Top Quizzes in Gaming
Browse Gaming
hide this ad
Today's Top Quizzes in Unique Weapons
Browse Unique Weapons
Top Contributed Quizzes in Gaming
1
5-to-1: Consoles
2
7-to-1: Board Game Piece Blitz
3
5-to-1: Legend of Zelda
4
League of Legends Pro Players by Career/Team History
5
Destiny 2 exotic weapons by perk icons
6
Ultimate Genshin Impact Logic Puzzle (up to 4.3)
7
Franchise by Action Figure
8
Who's on the WWE 2K24 Cover?
9
Genshin Impact Logic Puzzle Quiz
10
Order the Pokémon Regions
Explore More
Trending Topics
Crossword
Kpop
Marvel
Anime
Harry Potter
Disney
NBA
Pokémon
Country
WWE
Song
NFL
The Office
Soccer
Puzzle
hide this ad
More By:
cantthinkofany
Quiz
Plays
Rating
Category
Featured
Created
Fallout 3 Unique Weapons
281
Gaming
Nov 23, 2009
The Producers Songs
226
3.33
Movies
Dec 7, 2009
Go to Creator's Profile
Score Distribution
Quiz Creator Spotlight
cantthinkofany
Follow
Send a Message
Quizzes Created
-
Created Quiz Play Count
-
More By This Creator
Popular Quizzes Today
1
Find the US States - No Outlines Minefield
2
Find the Countries of Europe - No Outlines Minefield
3
The Countries of the World
4
Find the US States
5
Risky Map Clicking: Biggest States A-Z
6
US States
7
Popular People in 1961
8
Movies - When Are They Set?
More Gaming Quizzes
Games without FRONTIERS - Mobile Games
Editor's Pick
Trending Quizzes
Risky Map Clicking: Least Populous States A-Z
Billboard Blitz: Aretha Franklin
Famous Russians: Author or Composer?
1-10 Letter G Words
Countries of the World: 200 Million BC
Recently Updated
Leaping Animals
pecheneg
Reality TV Shows (A-Z)
bhenderson79
Rickey Henderson's Hall of Fame Teammates
pecheneg
Champions League XIs: Arsenal
pecheneg
Quick Pick: Celebrities in WWE's Hall of Fame
aduchscher
A-Z Keypad Blitz II
pecheneg
Multiple Oscar Actors
pecheneg
Mystery Phrase Blitz: Oscar 'Best Actors'
pecheneg
F. Scott Fitzgerald Novels
LTH
Pick 3 Villains
ddd62291
Trending Topics
NBA
Harry Potter
Anime
Disney
Kpop
Crossword
Marvel
NFL
Pokémon
Song
The Office
Country
Soccer
Puzzle
WWE
Your Account Isn't Verified!
In order to create a playlist on Sporcle, you need to verify the email address you used during registration. Go to your
Sporcle Settings
to finish the process.
Report this User
Report this user for behavior that violates our
Community Guidelines
.
Details:
Send Report
Go to the Sporcle.com Mobile Site →
Comments